Strategien für präoperatives Downsizing bei inoperablem Pankreaskarzinom
Bei ca. 30-40% der Patienten mit Pankreaskarzinomen zeigt sich bei Erstdiagnose ein lokal fortgeschrittenes Tumorstadium ohne Fernmetastasierung; durch die Ummauerung der umliegenden Gefäßstrukturen liegt hier oft eine primäre Inoperabilität vor. Neoadjuvante Behandlungskonzepte, wie die neoadjuv...
Gespeichert in:
| Hauptverfasser: | , , , , |
|---|---|
| Dokumenttyp: | Article (Journal) |
| Sprache: | Deutsch |
| Veröffentlicht: |
19 Oktober 2011
|
| In: |
Der Chirurg
Year: 2011, Jahrgang: 82, Heft: 11, Pages: 981-988 |
| ISSN: | 1433-0385 |
| DOI: | 10.1007/s00104-011-2129-1 |
| Online-Zugang: | Verlag, lizenzpflichtig, Volltext: https://doi.org/10.1007/s00104-011-2129-1 Verlag, lizenzpflichtig, Volltext: https://link.springer.com/article/10.1007/s00104-011-2129-1 |
| Verfasserangaben: | S.E. Combs, D. Habermehl, J. Werner, M.W. Büchler, J. Debus |
MARC
| LEADER | 00000caa a2200000 c 4500 | ||
|---|---|---|---|
| 001 | 1798291908 | ||
| 003 | DE-627 | ||
| 005 | 20220820163629.0 | ||
| 007 | cr uuu---uuuuu | ||
| 008 | 220408s2011 xx |||||o 00| ||ger c | ||
| 024 | 7 | |a 10.1007/s00104-011-2129-1 |2 doi | |
| 035 | |a (DE-627)1798291908 | ||
| 035 | |a (DE-599)KXP1798291908 | ||
| 035 | |a (OCoLC)1341458797 | ||
| 040 | |a DE-627 |b ger |c DE-627 |e rda | ||
| 041 | |a ger | ||
| 084 | |a 33 |2 sdnb | ||
| 100 | 1 | |a Combs, Stephanie |d 1976- |e VerfasserIn |0 (DE-588)124782515 |0 (DE-627)366051245 |0 (DE-576)294499741 |4 aut | |
| 245 | 1 | 0 | |a Strategien für präoperatives Downsizing bei inoperablem Pankreaskarzinom |c S.E. Combs, D. Habermehl, J. Werner, M.W. Büchler, J. Debus |
| 264 | 1 | |c 19 Oktober 2011 | |
| 300 | |a 8 | ||
| 336 | |a Text |b txt |2 rdacontent | ||
| 337 | |a Computermedien |b c |2 rdamedia | ||
| 338 | |a Online-Ressource |b cr |2 rdacarrier | ||
| 500 | |a Englischer Titel front door: Strategies for preoperative downsizing in patients with local nonresectable pancreatic cancer | ||
| 500 | |a Gesehen am 08.04.2022 | ||
| 520 | |a Bei ca. 30-40% der Patienten mit Pankreaskarzinomen zeigt sich bei Erstdiagnose ein lokal fortgeschrittenes Tumorstadium ohne Fernmetastasierung; durch die Ummauerung der umliegenden Gefäßstrukturen liegt hier oft eine primäre Inoperabilität vor. Neoadjuvante Behandlungskonzepte, wie die neoadjuvante kombinierte Radio-Chemo-Therapie, bieten die Möglichkeit einer signifikanten Tumorverkleinerung, sodass eine sekundäre kurative Resektabilität ermöglicht werden kann. Daher sollte die Therapieentscheidung im interdisziplinären Kontext gemeinsam evaluiert werden. | ||
| 700 | 1 | |a Habermehl, Daniel |d 1979- |e VerfasserIn |0 (DE-588)13804130X |0 (DE-627)598882472 |0 (DE-576)305815415 |4 aut | |
| 700 | 1 | |a Werner, Jens |d 1966- |e VerfasserIn |0 (DE-588)120690764 |0 (DE-627)704926717 |0 (DE-576)292340249 |4 aut | |
| 700 | 1 | |a Büchler, Markus W. |d 1955- |e VerfasserIn |0 (DE-588)120893339 |0 (DE-627)080952526 |0 (DE-576)292434146 |4 aut | |
| 700 | 1 | |a Debus, Jürgen |d 1964- |e VerfasserIn |0 (DE-588)1022671421 |0 (DE-627)717025780 |0 (DE-576)365774944 |4 aut | |
| 773 | 0 | 8 | |i Enthalten in |t Der Chirurg |d Berlin : Springer, 1996 |g 82(2011), 11, Seite 981-988 |h Online-Ressource |w (DE-627)253390605 |w (DE-600)1458505-4 |w (DE-576)072283580 |x 1433-0385 |7 nnas |a Strategien für präoperatives Downsizing bei inoperablem Pankreaskarzinom |
| 773 | 1 | 8 | |g volume:82 |g year:2011 |g number:11 |g pages:981-988 |g extent:8 |a Strategien für präoperatives Downsizing bei inoperablem Pankreaskarzinom |
| 856 | 4 | 0 | |u https://doi.org/10.1007/s00104-011-2129-1 |x Verlag |x Resolving-System |z lizenzpflichtig |3 Volltext |
| 856 | 4 | 0 | |u https://link.springer.com/article/10.1007/s00104-011-2129-1 |x Verlag |z lizenzpflichtig |3 Volltext |
| 951 | |a AR | ||
| 992 | |a 20220408 | ||
| 993 | |a Article | ||
| 994 | |a 2011 | ||
| 998 | |g 1022671421 |a Debus, Jürgen |m 1022671421:Debus, Jürgen |d 910000 |d 911400 |e 910000PD1022671421 |e 911400PD1022671421 |k 0/910000/ |k 1/910000/911400/ |p 5 |y j | ||
| 998 | |g 120893339 |a Büchler, Markus W. |m 120893339:Büchler, Markus W. |d 910000 |d 910200 |e 910000PB120893339 |e 910200PB120893339 |k 0/910000/ |k 1/910000/910200/ |p 4 | ||
| 998 | |g 120690764 |a Werner, Jens |m 120690764:Werner, Jens |d 910000 |d 910200 |e 910000PW120690764 |e 910200PW120690764 |k 0/910000/ |k 1/910000/910200/ |p 3 | ||
| 998 | |g 13804130X |a Habermehl, Daniel |m 13804130X:Habermehl, Daniel |d 910000 |d 911400 |e 910000PH13804130X |e 911400PH13804130X |k 0/910000/ |k 1/910000/911400/ |p 2 | ||
| 998 | |g 124782515 |a Combs, Stephanie |m 124782515:Combs, Stephanie |d 910000 |d 911400 |e 910000PC124782515 |e 911400PC124782515 |k 0/910000/ |k 1/910000/911400/ |p 1 |x j | ||
| 999 | |a KXP-PPN1798291908 |e 4114138722 | ||
| BIB | |a Y | ||
| SER | |a journal | ||
| JSO | |a {"language":["ger"],"title":[{"title":"Strategien für präoperatives Downsizing bei inoperablem Pankreaskarzinom","title_sort":"Strategien für präoperatives Downsizing bei inoperablem Pankreaskarzinom"}],"note":["Englischer Titel front door: Strategies for preoperative downsizing in patients with local nonresectable pancreatic cancer","Gesehen am 08.04.2022"],"name":{"displayForm":["S.E. Combs, D. Habermehl, J. Werner, M.W. Büchler, J. Debus"]},"type":{"bibl":"article-journal","media":"Online-Ressource"},"person":[{"given":"Stephanie","role":"aut","display":"Combs, Stephanie","family":"Combs"},{"given":"Daniel","role":"aut","display":"Habermehl, Daniel","family":"Habermehl"},{"family":"Werner","given":"Jens","role":"aut","display":"Werner, Jens"},{"family":"Büchler","display":"Büchler, Markus W.","role":"aut","given":"Markus W."},{"given":"Jürgen","role":"aut","display":"Debus, Jürgen","family":"Debus"}],"relHost":[{"physDesc":[{"extent":"Online-Ressource"}],"id":{"zdb":["1458505-4"],"eki":["253390605"],"issn":["1433-0385"]},"part":{"issue":"11","text":"82(2011), 11, Seite 981-988","pages":"981-988","year":"2011","volume":"82","extent":"8"},"language":["ger"],"note":["Gesehen am 02.06.2022"],"pubHistory":["Volume 67, issue 8 (August 1996) [?]-volume 93, issue 5 (May 2022)"],"type":{"bibl":"periodical","media":"Online-Ressource"},"recId":"253390605","origin":[{"publisher":"Springer","publisherPlace":"Berlin ; Heidelberg ; New York","dateIssuedDisp":"[1996?-2022]"}],"title":[{"subtitle":"Zeitschrift für alle Gebiete der operativen Medizin ; Organ des Berufsverbandes der Deutschen Chirurgen","title":"Der Chirurg","title_sort":"Chirurg"}],"disp":"Strategien für präoperatives Downsizing bei inoperablem PankreaskarzinomDer Chirurg","person":[{"family":"Ewerbeck","given":"Volker","display":"Ewerbeck, Volker","role":"edt"}]}],"recId":"1798291908","id":{"eki":["1798291908"],"doi":["10.1007/s00104-011-2129-1"]},"physDesc":[{"extent":"8 S."}],"origin":[{"dateIssuedDisp":"19 Oktober 2011","dateIssuedKey":"2011"}]} | ||
| SRT | |a COMBSSTEPHSTRATEGIEN1920 | ||